Automatická aktualizácia firmvéru napájacích zdrojov z cloudového úložiska
Guardado en:
| Autor principal: | |
|---|---|
| Otros Autores: | |
| Formato: | Manuscrito Libro |
| Lenguaje: | eslovaco |
| Publicado: |
Bratislava : STU v Bratislave FEI, 2020
|
| Materias: | |
| Acceso en línea: | https://opac.crzp.sk/?fn=detailBiblioForm&sid=FD287398550734C84EB010BBBA89&seo=CRZP-detail-kniha |
| Etiquetas: |
Sin Etiquetas, Sea el primero en etiquetar este registro!
|
MARC
| LEADER | 00000ntm a22000003a 4500 | ||
|---|---|---|---|
| 001 | stuzp77054 | ||
| 003 | SK-STU | ||
| 005 | 20200819103920.8 | ||
| 007 | ta | ||
| 008 | 150427s2015----xo-----f-mn---000-0-slo-d | ||
| 040 | |a STU |b slo | ||
| 041 | 0 | |a slo | |
| 044 | |a xo | ||
| 100 | 1 | |a Granát, Michal |u 031000 |4 aut |U FEI Fakulta elektrotechniky a informatiky |T FEI Ústav robotiky a kybernetiky |X 99165 |U E011 |Y 356 |7 99165 | |
| 242 | 0 | 1 | |a New firmware download from cloud and auto update of firmware in power supply by embedded device |y eng |
| 245 | 1 | 0 | |a Automatická aktualizácia firmvéru napájacích zdrojov z cloudového úložiska |
| 260 | |c Bratislava : |c STU v Bratislave FEI, |c 2020 | ||
| 300 | |a 67 s. | ||
| 650 | 4 | |a OTA |2 slo | |
| 650 | 4 | |a Aktualizácia firmvéru |2 slo | |
| 650 | 4 | |a Napájacie zdroje |2 slo | |
| 650 | 4 | |a OTA |2 eng | |
| 650 | 4 | |a Power supplies |2 eng | |
| 650 | 4 | |a Firmware update |2 eng | |
| 700 | 1 | |a Rodina, Jozef |u 031000 |k Z1 |4 ths |U FEI Fakulta elektrotechniky a informatiky |T FEI Ústav robotiky a kybernetiky |X 11924 |U E011 |Y 356 |7 A000011924 | |
| 856 | 4 | |u https://opac.crzp.sk/?fn=detailBiblioForm&sid=FD287398550734C84EB010BBBA89&seo=CRZP-detail-kniha | |